000 00468nam a2200181Ia 4500
005 20250423101401.0
008 250422s9999 xx 000 0 und d
020 _a0-582-50502-X
050 _aPZ 7 .L47 P43/
100 _aLeroux, Gaston
245 4 _aThe phantom of the opera
260 _aOxford
260 _bOxford University Press
260 _c2002
300 _a88 p
650 _aEnglish language -- Study and teaching Readers -- Stage 5
942 _cBK
999 _c36151
_d36151